[Event "Salou Salauris op 1st"]
[Site "Salou"]
[Date "2021.06.26"]
[Round "5"]
[White "Benet Saniger, Xavier"]
[Black "Caba Torra, Joan"]
[Result "1-0"]
[WhiteElo "1710"]
[BlackElo "1769"]
[PlyCount "83"]
[EventDate "2021.06.25"]
[EventType "swiss"]
[EventRounds "7"]
[EventCountry "ESP"]
[SourceTitle "CBM 203 Extra"]
[Source "ChessBase"]
[SourceDate "2021.09.30"]
[SourceVersion "1"]
[SourceVersionDate "2021.09.30"]
[SourceQuality "1"]

1. d4 d5 2. c4 e6 3. Nc3 Nf6 4. Bg5 Be7 5. e3 h6 6. Bxf6 Bxf6 7. Nf3 b6 8. cxd5 exd5 9. Bd3 0-0 10. 0-0 Bg4 11. h3 Bh5 12. g4 Bg6 13. Bxg6 fxg6 14. Qd3 g5 15. Qf5 c6 16. Rac1 Be7 17. Qe6+ Kh8 18. Ne5 Rf6 19. Qxf6 gxf6 20. Nf7+ Kg7 21. Nxd8 Bxd8 22. e4 dxe4 23. Nxe4 Be7 24. f4 a5 25. fxg5 hxg5 26. Ng3 Ra7 27. Nf5+ Kg6 28. Nxe7+ Rxe7 29. Rfe1 Kf7 30. Rxe7+ Kxe7 31. Kf2 Kd6 32. Ke3 Na6 33. Ke4 Nb4 34. a3 Nd5 35. h4 gxh4 36. Rh1 Ke6 37. Rxh4 b5 38. a4 bxa4 39. Rh8 a3 40. bxa3 Nc3+ 41. Kd3 Nd1 42. Rh2 1-0

[Event "Cardona Memorial 22nd"]
[Site "Catalunya"]
[Date "2019.04.06"]
[Round "8"]
[White "Caba Torra, Joan"]
[Black "Olive Oller, Guim"]
[Result "0-1"]
[WhiteElo "1729"]
[BlackElo "1790"]
[PlyCount "106"]
[EventDate "2019.03.16"]
[EventType "swiss"]
[EventRounds "8"]
[EventCountry "ESP"]
[SourceTitle "EXT 2020"]
[Source "ChessBase"]
[SourceDate "2019.10.17"]
[SourceVersion "1"]
[SourceVersionDate "2019.10.17"]
[SourceQuality "1"]

1. e4 c5 2. Ne2 Nc6 3. g3 g6 4. Bg2 Bg7 5. c3 Nf6 6. 0-0 0-0 7. d4 d6 8. dxc5 dxc5 9. Qxd8 Rxd8 10. Be3 b6 11. h3 Bb7 12. f4 e5 13. Na3 exf4 14. gxf4 Ne7 15. e5 Bxg2 16. Kxg2 Ne4 17. Rad1 Rac8 18. Kf3 f5 19. Nb5 a6 20. Na3 Kf7 21. c4 Ke6 22. Nb1 g5 23. Nbc3 Nxc3 24. Nxc3 gxf4 25. Bxf4 Bxe5 26. Bxe5 Kxe5 27. Rfe1+ Kf6 28. Na4 Rxd1 29. Rxd1 Rc6 30. Rd7 b5 31. cxb5 axb5 32. Nc3 b4 33. Ne2 Ra6 34. Nc1 h6 35. Rc7 Ra5 36. Rb7 Nd5 37. Rd7 c4 38. Rd6+ Kg5 39. Rc6 c3 40. b3 h5 41. Rc8 Kh4 42. Rh8 c2 43. Rc8 Nc3 44. Rc4+ Kg5 45. h4+ Kf6 46. Rxb4 Nxa2 47. Nxa2 Rxa2 48. Rc4 Ke5 49. Ke3 Rb2 50. Rc5+ Kd6 51. Rc8 Rxb3+ 52. Kf4 Rb4+ 53. Kxf5 Rb5+ 0-1

[Event "Cardona Memorial 22nd"]
[Site "Catalunya"]
[Date "2019.03.16"]
[Round "1"]
[White "Tabuenca Munuera, Gerard"]
[Black "Caba Torra, Joan"]
[Result "0-1"]
[WhiteElo "1225"]
[BlackElo "1729"]
[PlyCount "76"]
[EventDate "2019.03.16"]
[EventType "swiss"]
[EventRounds "8"]
[EventCountry "ESP"]
[SourceTitle "EXT 2020"]
[Source "ChessBase"]
[SourceDate "2019.10.17"]
[SourceVersion "1"]
[SourceVersionDate "2019.10.17"]
[SourceQuality "1"]

1. e4 c5 2. Nf3 Nc6 3. Nc3 e6 4. Bb5 Nge7 5. d3 a6 6. Ba4 b5 7. Bb3 g6 8. Bg5 Bg7 9. 0-0 Bb7 10. a3 0-0 11. Re1 h6 12. Bh4 g5 13. Bg3 b4 14. axb4 cxb4 15. Na4 d5 16. e5 Ng6 17. Nc5 Qc7 18. d4 Na5 19. Qd3 Nxb3 20. Qxb3 a5 21. c3 Bc6 22. cxb4 Rfb8 23. Nd3 Bf8 24. Rec1 Bxb4 25. Qc2 Ne7 26. Ra4 Qb6 27. Raa1 g4 28. Nd2 Qxd4 29. Bh4 Nf5 30. Nxb4 Qxb4 31. Qxc6 Nxh4 32. Qc3 Nf5 33. Nb3 Qxb3 34. Qxb3 Rxb3 35. Rc2 a4 36. Ra3 Kg7 37. Rxb3 axb3 38. Rc3 Ra1+ 0-1

[Event "Vilafranca del Penedes op 12th"]
[Site "Vilafranca del Penedes"]
[Date "2018.04.06"]
[Round "1"]
[White "Caba Torra, Joan"]
[Black "Fernandez Soriano, Ruben"]
[Result "0-1"]
[WhiteElo "1752"]
[BlackElo "2204"]
[PlyCount "100"]
[EventDate "2018.04.06"]
[EventType "swiss"]
[EventRounds "8"]
[EventCountry "ESP"]
[SourceTitle "CBM 184 Extra"]
[Source "ChessBase"]
[SourceDate "2018.06.28"]
[SourceVersion "1"]
[SourceVersionDate "2018.06.28"]
[SourceQuality "1"]

1. e4 c5 2. Ne2 Nc6 3. g3 d5 4. Bg2 Nf6 5. exd5 Nxd5 6. 0-0 Bg4 7. c3 Qd7 8. f3 Bh3 9. d4 Bxg2 10. Kxg2 cxd4 11. Nxd4 0-0-0 12. Nxc6 Qxc6 13. Qb3 e5 14. Re1 f6 15. Nd2 Nb6 16. a4 Qd5 17. c4 Qd3 18. Qb5 Qd7 19. Qb3 Na8 20. Ne4 Nc7 21. Be3 Qd3 22. Nc3 Be7 23. Bxa7 h5 24. Rad1 Qf5 25. Nd5 Nxd5 26. cxd5 Rd7 27. Rc1+ Kd8 28. Bb6+ Ke8 29. Rc8+ Bd8 30. Rec1 Kf7 31. Bxd8 Rhxd8 32. Rxd8 Rxd8 33. Qxb7+ Kg6 34. Rc7 e4 35. f4 e3 36. Kf3 e2 37. Rxg7+ Kh6 38. Re7 Qd3+ 39. Kf2 Qb1 40. Rxe2 Qh1 41. Qb6 Qxh2+ 42. Kf3 Qh1+ 43. Rg2 Qf1+ 44. Rf2 Qh1+ 45. Ke2 Rxd5 46. Qb3 Qe4+ 47. Qe3 Qc4+ 48. Ke1 Rd3 49. Qb6 Qc1+ 50. Ke2 Qd1# 0-1

[Event "Vilafranca del Penedes op 10th"]
[Site "Vilafranca del Penedes"]
[Date "2016.04.08"]
[Round "2.10"]
[White "Canales Garcia, Vicenc"]
[Black "Caba Torra, Joan"]
[Result "1-0"]
[WhiteElo "2157"]
[BlackElo "1953"]
[PlyCount "65"]
[EventDate "2016.04.01"]
[EventType "swiss"]
[EventRounds "8"]
[EventCountry "ESP"]
[SourceTitle "EXT 2024"]
[Source "ChessBase"]
[SourceDate "2023.10.10"]
[SourceVersion "1"]
[SourceVersionDate "2023.10.10"]
[SourceQuality "1"]

1. d4 d5 2. Nf3 e6 3. Bf4 Nf6 4. e3 c5 5. c3 a6 6. Bd3 Nc6 7. Nbd2 b5 8. Ne5 Bb7 9. Qf3 c4 10. Bc2 Nd7 11. Nxc6 Bxc6 12. 0-0 Be7 13. e4 g6 14. e5 h5 15. h3 Nb6 16. b3 Rc8 17. b4 Kd7 18. Be3 Qg8 19. Qg3 g5 20. f4 g4 21. h4 Qd8 22. Bf2 Bf8 23. Rae1 Bh6 24. Re2 Na8 25. f5 Qg8 26. Be3 Bxe3+ 27. Qxe3 Rf8 28. Ref2 Nc7 29. Qf4 Qg7 30. fxe6+ Kxe6 31. Qf6+ Qxf6 32. Rxf6+ Kd7 33. Rd6+ 1-0